000 00517nam a2200217Ia 4500
003 OSt
005 20221005132935.0
006 a|||||r|||| 00| 0
007 ta
008 221004b |||||||| |||| 00| 0 snd d
024 _a7225
037 _cTextual
040 _aCRL
_cCRL
_bsnd
041 _2snd
_asnd
082 _aO1593,8x, L0
100 _aAsrani
_9207281
245 0 _aVazdar ain dar Beerbal
260 _c1970
942 _hO1593,8x, L0
_cTEXL
_2cc
999 _c1065231
_d1065231